5HLuxD.jpg

KING HENRY VIII SENIOR AND PRIMARY SCHOOL LIBRARY OPAC

Malaysian politics under Mahathir / (Record no. 245)

000 -LEADER
fixed length control field 01386cam a2200313 a 4500
001 - CONTROL NUMBER
control field .b30889716
003 - CONTROL NUMBER IDENTIFIER
control field OCoLC
005 - DATE AND TIME OF LATEST TRANSACTION
control field 20190802110715.0
008 - FIXED-LENGTH DATA ELEMENTS--GENERAL INFORMATION
fixed length control field 990322s1999 enkbf b 001 0 eng d
020 ## - INTERNATIONAL STANDARD BOOK NUMBER
International Standard Book Number 0415171431 (pbk.)
020 ## - INTERNATIONAL STANDARD BOOK NUMBER
International Standard Book Number 9780415171434 (pbk.)
040 ## - CATALOGING SOURCE
Original cataloging agency UKM
Transcribing agency UKM
Modifying agency OUN
042 ## - AUTHENTICATION CODE
Authentication code nbic
043 ## - GEOGRAPHIC AREA CODE
Geographic area code a-my---
082 0# - DEWEY DECIMAL CLASSIFICATION NUMBER
Classification number 320.959 MIL
100 1# - MAIN ENTRY--PERSONAL NAME
Personal name Milne, R. S.
Dates associated with a name 1919-
Fuller form of name (Robert Stephen),
Relator term author
245 10 - TITLE STATEMENT
Title Malaysian politics under Mahathir /
Statement of responsibility, etc. R.S. Milne and Diane K. Mauzy.
260 ## - PUBLICATION, DISTRIBUTION, ETC.
Place of publication, distribution, etc. London ;
-- New York :
Name of publisher, distributor, etc. Routledge,
Date of publication, distribution, etc. 1999.
300 ## - PHYSICAL DESCRIPTION
Extent xvii, 225 p., [2] p. of plates :
Other physical details maps ;
Dimensions 24 cm.
490 1# - SERIES STATEMENT
Series statement Politics in Asia series.
504 ## - BIBLIOGRAPHY, ETC. NOTE
Bibliography, etc. note Includes bibliographical references (p. [189]-209) and index.
505 0# - FORMATTED CONTENTS NOTE
Formatted contents note Introduction : leadership in Malaysia -- 1. Malaysia : how Mahathir came to power -- 2. Mahathir's assertion of executive power -- 3. The economy and development -- 4. Containing ethnic discontent -- 5. Human rights -- 6. Foreign policy -- 7. The succession to Mahathir : Anwar Ibrahim -- 8. Mahathir as prime minister.
600 00 - SUBJECT ADDED ENTRY--PERSONAL NAME
Personal name Mahathir bin Mohamad,
Dates associated with a name 1925-
651 #0 - SUBJECT ADDED ENTRY--GEOGRAPHIC NAME
Geographic name Malaysia
General subdivision Politics and government.
700 1# - ADDED ENTRY--PERSONAL NAME
Personal name Mauzy, Diane K.,
Dates associated with a name 1942-
Relator term author
830 #0 - SERIES ADDED ENTRY--UNIFORM TITLE
Uniform title Politics in Asia series.
856 42 - ELECTRONIC LOCATION AND ACCESS
Uniform Resource Identifier <a href="http://catdir.loc.gov/catdir/enhancements/fy0649/99222809-d.html">http://catdir.loc.gov/catdir/enhancements/fy0649/99222809-d.html</a>
Public note Publisher description
942 ## - ADDED ENTRY ELEMENTS (KOHA)
Source of classification or shelving scheme
Koha item type Books - Non Ficton
Holdings
Withdrawn status Lost status Source of classification or shelving scheme Damaged status Not for loan Collection code Permanent Location Current Location Shelving location Date acquired Full call number Barcode Date last seen Price effective from Koha item type
          Non-Fiction KH8 Senior School Library KH8 Senior School Library Non Fiction 2019-08-02 320.959 MIL 3KHSL000100196 2019-08-02 2019-08-02 Books - Non Ficton
          Teaching Resources KH8 Senior School Library KH8 Senior School Library Staff Office 2023-08-15 320.959 MIL TRKHSL002021 2023-08-15 2023-08-15 Teaching Resources

Powered By KH8 IT Dept